[Event "FRA-ch U20"]
[Site "Montlucon"]
[Date "2011.04.21"]
[Round "6"]
[White "Stephan, Victor"]
[Black "Lemarchand, Matthieu"]
[Result "1-0"]
[WhiteElo "2278"]
[BlackElo "1903"]
[PlyCount "99"]
[EventDate "2011.04.17"]
[EventType "swiss"]
[EventRounds "9"]
[EventCountry "FRA"]
[SourceTitle "CBM 142 Extra"]
[Source "ChessBase"]
[SourceDate "2011.06.27"]
[SourceVersion "1"]
[SourceVersionDate "2011.06.27"]
[SourceQuality "1"]

1. d4 d5 2. c4 c6 3. Nf3 Nf6 4. Nc3 e6 5. Bg5 h6 6. Bh4 Nbd7 7. e3 Be7 8. Qc2 0-0 9. Rd1 a6 10. Bd3 b5 11. cxd5 cxd5 12. 0-0 Nb6 13. a4 b4 14. Na2 a5 15. Ne5 Bb7 16. Bb5 Rc8 17. Qe2 Nc4 18. Bxf6 gxf6 19. Nd7 Re8 20. Qg4+ Kh7 21. Qh5 Kg8 22. Nc5 Bc6 23. Bxc6 Rxc6 24. b3 Nb6 25. Rc1 Bxc5 26. Rxc5 Rxc5 27. dxc5 Nd7 28. Rc1 Qc7 29. Qg4+ Kh7 30. Qd4 Qc6 31. Rc2 f5 32. Nc1 Rc8 33. Nd3 f6 34. f4 Kg7 35. Kf2 Kf7 36. Ke1 Ke8 37. Kd2 Nb8 38. Nf2 Qa6 39. Qd3 Qxd3+ 40. Nxd3 Nc6 41. Ne1 e5 42. Nf3 Kd7 43. g3 Rd8 44. Ke2 Re8 45. Kf2 Rg8 46. Rd2 Re8 47. h3 Rg8 48. Nh4 Rd8 49. g4 fxg4 50. f5 1-0

[Event "FRA-ch U20"]
[Site "Montlucon"]
[Date "2011.04.17"]
[Round "1"]
[White "Lemarchand, Matthieu"]
[Black "Villegas, Pierre"]
[Result "0-1"]
[WhiteElo "1903"]
[BlackElo "2246"]
[PlyCount "78"]
[EventDate "2011.04.17"]
[EventType "swiss"]
[EventRounds "9"]
[EventCountry "FRA"]
[SourceTitle "CBM 142 Extra"]
[Source "ChessBase"]
[SourceDate "2011.06.27"]
[SourceVersion "1"]
[SourceVersionDate "2011.06.27"]
[SourceQuality "1"]

1. e4 c5 2. Nf3 d6 3. d4 cxd4 4. Qxd4 a6 5. Nc3 Nc6 6. Qd1 Nf6 7. h3 b5 8. Bd3 e6 9. 0-0 Be7 10. Bf4 e5 11. Bh2 0-0 12. Re1 Bb7 13. Bf1 Rc8 14. Qd2 Na5 15. b3 Qc7 16. Nd5 Nxd5 17. exd5 Qc3 18. Rad1 Qxd2 19. Rxd2 Rc3 20. Nxe5 dxe5 21. Bxe5 Bf6 22. Bxf6 gxf6 23. Re7 Bc8 24. d6 Bf5 25. Ra7 Rc6 26. Bxb5 axb5 27. Rxa5 Bxc2 28. Rxb5 Rd8 29. Rbd5 Be4 30. R5d4 Bf5 31. b4 Bd7 32. b5 Rc1+ 33. Kh2 Bxb5 34. a4 Bd7 35. Ra2 Rc6 36. g4 Rb6 37. f4 Ra8 38. Rc2 Rd8 39. Rc7 Bxa4 0-1

[Event "FRA-ch U20"]
[Site "Troyes"]
[Date "2010.04.14"]
[Round "5"]
[White "Lemarchand, Matthieu"]
[Black "Delorme, Axel"]
[Result "0-1"]
[WhiteElo "1833"]
[BlackElo "2429"]
[PlyCount "66"]
[EventDate "2010.04.11"]
[EventType "swiss"]
[EventRounds "9"]
[EventCountry "FRA"]
[SourceTitle "EXT 2012"]
[Source "ChessBase"]
[SourceDate "2011.11.24"]
[SourceVersion "1"]
[SourceVersionDate "2011.11.24"]
[SourceQuality "1"]

1. e4 c5 2. Nf3 Nc6 3. d4 cxd4 4. Nxd4 g6 5. Nc3 Bg7 6. Be3 Nf6 7. Bc4 Qa5 8. 0-0 0-0 9. Bb3 d6 10. h3 Bd7 11. f4 Nxd4 12. Bxd4 Bc6 13. e5 dxe5 14. fxe5 Nd5 15. Qe2 Rad8 16. Rad1 Nxc3 17. Bxc3 Qc5+ 18. Qf2 Qxf2+ 19. Kxf2 Rfe8 20. Kg1 e6 21. Rfe1 b6 22. a3 Bf8 23. Bd4 Rd7 24. Be3 Red8 25. c4 Bc5 26. Bxc5 bxc5 27. Kf2 Rd2+ 28. Rxd2 Rxd2+ 29. Re2 Rxe2+ 30. Kxe2 Bxg2 31. h4 f6 32. exf6 Kf7 33. Bc2 a5 0-1

[Event "FRA-ch U20"]
[Site "Troyes"]
[Date "2010.04.11"]
[Round "1"]
[White "Lemarchand, Matthieu"]
[Black "Bressac, Stephane"]
[Result "1-0"]
[WhiteElo "1833"]
[BlackElo "2197"]
[PlyCount "59"]
[EventDate "2010.04.11"]
[EventType "swiss"]
[EventRounds "9"]
[EventCountry "FRA"]
[SourceTitle "EXT 2012"]
[Source "ChessBase"]
[SourceDate "2011.11.24"]
[SourceVersion "1"]
[SourceVersionDate "2011.11.24"]
[SourceQuality "1"]

1. e4 e6 2. d4 d5 3. Nc3 Nf6 4. e5 Nfd7 5. Qh5 c5 6. Nf3 a6 7. Bg5 Qb6 8. 0-0-0 cxd4 9. Rxd4 g6 10. Qh4 Bg7 11. Bf6 Bxf6 12. exf6 Nc6 13. Rd2 Nc5 14. Qh6 Bd7 15. Ng5 d4 16. Nd1 Ne5 17. h3 Rc8 18. Qg7 Bc6 19. Qxh8+ Kd7 20. Qxh7 Qa5 21. Rxd4+ Bd5 22. Nc3 Nb3+ 23. axb3 Rxc3 24. bxc3 Qxc3 25. Qh4 Nc6 26. Rxd5+ exd5 27. Qg4+ Kd8 28. Nxf7+ Ke8 29. Nd6+ Kf8 30. Qc8+ 1-0

[Event "FRA-chT U20"]
[Site "Mulhouse"]
[Date "2005.12.20"]
[Round "7"]
[White "Richard, Emma"]
[Black "Lemarchand, Matthieu"]
[Result "1-0"]
[WhiteElo "1820"]
[BlackElo "1814"]
[PlyCount "47"]
[EventDate "2005.12.??"]
[EventType "team-tourn"]
[EventRounds "11"]
[EventCountry "FRA"]
[SourceTitle "EXT 2007"]
[Source "ChessBase"]
[SourceDate "2006.11.23"]
[SourceVersion "1"]
[SourceVersionDate "2006.11.23"]
[SourceQuality "1"]
[WhiteTeam "Mulhouse"]
[BlackTeam "Gonfreville"]
[WhiteTeamCountry "FRA"]
[BlackTeamCountry "FRA"]

1. d4 Nf6 2. Nf3 g6 3. Bg5 Bg7 4. Nbd2 d6 5. e4 Bg4 6. Bd3 Nc6 7. h3 Bxf3 8. Nxf3 0-0 9. 0-0 Nd7 10. c3 Qe8 11. Rb1 e5 12. d5 Ne7 13. b4 f5 14. Bd2 f4 15. c4 h6 16. Qe2 g5 17. Rfc1 Qg6 18. c5 h5 19. cxd6 cxd6 20. Rc7 Rad8 21. Bb5 g4 22. Bxd7 Rxd7 23. Rxd7 gxh3 24. Qf1 1-0

[Event "FRA-chT U20"]
[Site "Mulhouse"]
[Date "2005.12.19"]
[Round "?"]
[White "Lemarchand, Matthieu"]
[Black "Saatdjian, Thomas"]
[Result "0-1"]
[WhiteElo "1814"]
[BlackElo "2118"]
[PlyCount "62"]
[EventDate "2005.12.??"]
[EventType "team-tourn"]
[EventRounds "11"]
[EventCountry "FRA"]
[SourceTitle "EXT 2007"]
[Source "ChessBase"]
[SourceDate "2006.11.23"]
[SourceVersion "1"]
[SourceVersionDate "2006.11.23"]
[SourceQuality "1"]
[WhiteTeam "Gonfreville"]
[BlackTeam "Nancy"]
[WhiteTeamCountry "FRA"]
[BlackTeamCountry "FRA"]

1. e4 c5 2. Nf3 e6 3. d4 cxd4 4. Bc4 a6 5. 0-0 b5 6. Bb3 Bb7 7. Qe2 d6 8. c3 d3 9. Qxd3 Nd7 10. Bc2 Ngf6 11. Bg5 Be7 12. Qe2 0-0 13. Rd1 Qc7 14. Nbd2 Rfe8 15. Rac1 Rac8 16. Bb1 Qb8 17. Nb3 Bd8 18. Rd2 Bc7 19. Bxf6 Nxf6 20. Rcd1 Qa8 21. Re1 e5 22. Nh4 d5 23. Na5 Bc6 24. exd5 Bxd5 25. Nb3 Bb6 26. Nf5 Red8 27. Qd3 Bxb3 28. Qg3 Nh5 29. Rxd8+ Rxd8 30. Qg4 Rd2 31. Rf1 Bc4 0-1

[Event "FRA-ch U14"]
[Site "Calvi"]
[Date "2005.04.22"]
[Round "7"]
[White "Doebele, Victor"]
[Black "Lemarchand, Matthieu"]
[Result "1-0"]
[WhiteElo "2019"]
[BlackElo "1630"]
[PlyCount "45"]
[EventDate "2005.04.??"]
[EventType "swiss"]
[EventRounds "9"]
[EventCountry "FRA"]
[SourceTitle "EXT 2006"]
[Source "ChessBase"]
[SourceDate "2005.11.24"]
[SourceVersion "1"]
[SourceVersionDate "2005.11.24"]
[SourceQuality "1"]

1. Nf3 Nf6 2. g3 d6 3. d4 g6 4. b3 Bg7 5. Bb2 0-0 6. Bg2 Nbd7 7. 0-0 Re8 8. c4 Nh5 9. e4 e5 10. dxe5 dxe5 11. Nc3 c6 12. Qc2 Nf8 13. c5 f5 14. exf5 gxf5 15. Nh4 f4 16. Ne4 Bg4 17. f3 fxg3 18. fxg4 Qxh4 19. h3 Nf4 20. Nd6 Nxh3+ 21. Bxh3 Qxh3 22. Nxe8 Bh6 23. Qc4+ 1-0